00414nam a2200157Ia 45000010006000000050017000060080041000230410008000640820019000721000037000912450072001282600009002003000033002096500006002426540008002482313720260414150917.0260414t2014||||xx |||||||||||||| ||spa|| aESP a624.18341bH44 aHernández Montes, EnriqueeAUT 0aHormigón armado y pretensado :bconcreto reforzado y preesforzado c2014 axvi, 452 páginas :c24 cm. a0 aCIC